| 000 | 00415nam a2200169Ia 4500 | ||
|---|---|---|---|
| 008 | 220216s9999 xx 000 0 und d | ||
| 100 | _aAssies W | ||
| 245 | 0 | _aNuts, rubber and sustainable development in Amazonia | |
| 260 |
_bDerde Wereld _c1997 |
||
| 300 | _a309-327 | ||
| 500 | _aSource Year: 1997 | ||
| 650 | _aAmazonia | ||
| 650 | _aRubber | ||
| 650 | _aRubber industry | ||
| 856 | _uAEDR | ||
| 942 | _cJS | ||
| 999 |
_c64265 _d64265 |
||